[Event "PRVA LIGA  CENTRALNE SRBIJE"]
[Site "Vrnjacka Banja"]
[Date "2012.09.30"]
[Round "2.1"]
[White "Chatalbashev, Boris"]
[Black "Petkov, Vladimir"]
[Result "1/2-1/2"]
[WhiteElo "2549"]
[BlackElo "2522"]
[PlyCount "23"]
[EventDate "2012.09.29"]

1. Nf3 Nf6 2. c4 e6 3. Nc3 d5 4. d4 dxc4 5. e3 a6 6. Bxc4 b5 7. Be2 Bb7 8. O-O
Nbd7 9. b3 c5 10. Bb2 Be7 11. Rc1 O-O 12. h3 1/2-1/2

[Event "PRVA LIGA  CENTRALNE SRBIJE"]
[Site "Vrnjacka Banja"]
[Date "2012.09.30"]
[Round "2.1"]
[White "Tosic, Miroslav"]
[Black "Indjic, Aleksandar"]
[Result "0-1"]
[WhiteElo "2421"]
[BlackElo "2494"]
[PlyCount "116"]
[EventDate "2012.09.29"]

1. d4 Nf6 2. c4 c5 3. d5 e6 4. Nc3 exd5 5. cxd5 d6 6. e4 g6 7. Bd3 Bg7 8. h3
O-O 9. Nge2 Na6 10. Ng3 Nc7 11. O-O Rb8 12. a4 a6 13. a5 Bd7 14. Bf4 Bb5 15.
Re1 Re8 16. Bc2 b6 17. axb6 Rxb6 18. Qc1 Nd7 19. Rb1 Qe7 20. Na4 Bxa4 21. Bxa4
Nb5 22. Bd2 Reb8 23. Bc2 Nd4 24. Bc3 h5 25. Ba4 Ne5 26. Qd1 Qg5 27. Kh1 Qf4 28.
Ne2 Qxf2 29. Nxd4 cxd4 30. Bxd4 Qf4 31. Be3 Qg3 32. Bxb6 Rxb6 33. Re2 Rb4 34.
Rd2 Ng4 35. hxg4 Be5 36. Kg1 Rxe4 37. Rd3 Qh2+ 38. Kf1 Qh1+ 39. Kf2 Rf4+ 40.
Rf3 Bd4+ 41. Qxd4 Qh4+ 42. Ke3 Rxd4 43. Kxd4 Qxg4+ 44. Kc3 Qxa4 45. Rd3 Qa5+
46. Kb3 Qb5+ 47. Kc3 a5 48. Rbd1 Qc5+ 49. Kb3 Kg7 50. g3 f5 51. Rc3 Qb4+ 52.
Kc2 Kh6 53. Rdd3 f4 54. gxf4 Qxf4 55. b3 a4 56. Rc4 Qf2+ 57. Kc3 Qe1+ 58. Rd2
Qc1+ 0-1

[Event "PRVA LIGA  CENTRALNE SRBIJE"]
[Site "Vrnjacka Banja"]
[Date "2012.09.30"]
[Round "2.1"]
[White "Todorovic, Goran N"]
[Black "Paunovic, Tomislav"]
[Result "1/2-1/2"]
[WhiteElo "2388"]
[BlackElo "2333"]
[PlyCount "20"]
[EventDate "2012.09.29"]

1. Nf3 d5 2. c4 dxc4 3. Na3 a6 4. Nxc4 b5 5. Ne3 Bb7 6. g3 c5 7. Bg2 e6 8. O-O
Nf6 9. b3 Be7 10. Bb2 O-O 1/2-1/2

[Event "PRVA LIGA  CENTRALNE SRBIJE"]
[Site "Vrnjacka Banja"]
[Date "2012.09.30"]
[Round "2.1"]
[White "Manic, Jovica"]
[Black "Rajkovic, Dusan"]
[Result "0-1"]
[WhiteElo "2259"]
[BlackElo "2409"]
[PlyCount "80"]
[EventDate "2012.09.29"]

1. e4 c5 2. Nf3 e6 3. d4 cxd4 4. Nxd4 a6 5. Nc3 Qc7 6. f4 b5 7. a3 Bb7 8. Bd3
Bc5 9. Nb3 Be7 10. O-O d6 11. Qe1 Nd7 12. Kh1 h5 13. Nd4 Ngf6 14. Nf3 Rc8 15.
Bd2 h4 16. Ng5 Nc5 17. b4 Nxd3 18. cxd3 Nd7 19. Nf3 h3 20. g4 Qb8 21. Rc1 Bd8
22. g5 g6 23. Qf2 Bb6 24. Be3 Qa7 25. d4 Rc4 26. Rfe1 O-O 27. Nd2 Rc7 28. Ne2
Rfc8 29. Rxc7 Rxc7 30. Rc1 Qa8 31. Qf3 Rxc1+ 32. Nxc1 Qc8 33. Ne2 Qc2 34. Kg1
Qd3 35. Kf2 e5 36. d5 Qxd2 37. Bxb6 Nxb6 38. fxe5 Qxg5 39. exd6 Qe5 40. Qf4 Nd7
0-1

[Event "PRVA LIGA  CENTRALNE SRBIJE"]
[Site "Vrnjacka Banja"]
[Date "2012.09.30"]
[Round "2.1"]
[White "Ristic, Nenad"]
[Black "Carnic, Srdjan"]
[Result "1-0"]
[WhiteElo "2422"]
[BlackElo "2338"]
[PlyCount "67"]
[EventDate "2012.09.29"]

1. e4 c5 2. c3 Nf6 3. e5 Nd5 4. d4 cxd4 5. Nf3 e6 6. cxd4 d6 7. Bc4 Nc6 8. O-O
Be7 9. exd6 Qxd6 10. Nc3 Nxc3 11. bxc3 O-O 12. Re1 b6 13. Ng5 e5 14. Qh5 Bxg5
15. Bxg5 exd4 16. cxd4 Bf5 17. d5 Qc5 18. Bb3 Bg6 19. Qh4 h6 20. Bxh6 Qd4 21.
Qg3 Na5 22. Rad1 Rfe8 23. Rxe8+ Rxe8 24. h4 Qe4 25. Bg5 Nxb3 26. axb3 Bh5 27.
f3 Qc2 28. Rc1 Qb2 29. d6 f6 30. Bh6 g5 31. Bxg5 fxg5 32. Qxg5+ Kf8 33. Qf4+
Bf7 34. d7 1-0

[Event "PRVA LIGA  CENTRALNE SRBIJE"]
[Site "Vrnjacka Banja"]
[Date "2012.09.30"]
[Round "2.2"]
[White "Pap, Gyula"]
[Black "Pavlovic, Dejan S"]
[Result "1-0"]
[WhiteElo "2569"]
[BlackElo "2406"]
[PlyCount "81"]
[EventDate "2012.09.29"]

1. d4 d5 2. c4 c6 3. Nc3 Nf6 4. cxd5 cxd5 5. Bf4 Nc6 6. e3 a6 7. Rc1 Bf5 8. Nf3
e6 9. Qb3 Ra7 10. Be2 Bd6 11. Bxd6 Qxd6 12. O-O O-O 13. Na4 Nd7 14. h3 h6 15.
Nc5 Nxc5 16. Rxc5 Ne7 17. Rfc1 b6 18. R5c3 f6 19. Ne1 e5 20. Qa3 Qxa3 21. Rxa3
exd4 22. exd4 Rc8 23. Rxc8+ Bxc8 24. Rc3 Kf7 25. Nd3 Bd7 26. Bf3 g5 27. Bg4 Bb5
28. Nb4 f5 29. Bf3 Rd7 30. a4 Bxa4 31. Nxa6 Bb5 32. Bh5+ Kf8 33. Nc7 Bc6 34.
Ne6+ Kg8 35. Re3 Bb7 36. Be8 Rd6 37. Nc5 bxc5 38. dxc5 Rd8 39. Rxe7 Kf8 40.
Rxb7 Kxe8 41. Rh7 1-0

[Event "PRVA LIGA  CENTRALNE SRBIJE"]
[Site "Vrnjacka Banja"]
[Date "2012.09.30"]
[Round "2.2"]
[White "Misailovic, Nebojsa"]
[Black "Martinovic, Slobodan"]
[Result "0-1"]
[WhiteElo "2313"]
[BlackElo "2447"]
[PlyCount "118"]
[EventDate "2012.09.29"]

1. e4 c5 2. Nf3 d6 3. d4 cxd4 4. Nxd4 Nf6 5. Nc3 Nc6 6. Bg5 e6 7. Qd2 a6 8.
O-O-O Bd7 9. Nb3 b5 10. f3 Be7 11. h4 Qc7 12. Kb1 Ne5 13. Rc1 Rc8 14. Nd1 O-O
15. h5 h6 16. Bh4 Rfd8 17. Be2 Be8 18. Qe1 Bc6 19. Nd4 Bb7 20. Ne3 Qb6 21. Bf2
Qc7 22. g4 Nh7 23. Bh4 d5 24. Bxe7 Qxe7 25. exd5 Bxd5 26. Nxd5 Rxd5 27. Nb3 Qf6
28. Qb4 Nc4 29. Na5 Nd2+ 30. Ka1 Rd4 31. c4 Ng5 32. Nb3 Nxb3+ 33. Qxb3 Qe5 34.
Rhe1 bxc4 35. Qc3 Qf4 36. Red1 e5 37. b3 Rcd8 38. Rxd4 exd4 39. Qxc4 Qe3 40.
Qc7 Ne6 41. Qc4 d3 42. Bd1 d2 43. Rb1 Qe5+ 44. Rb2 Nf4 45. Qe4 Qf6 46. Qf5 Qd4
47. Qe4 Qf6 48. Qf5 Qxf5 49. gxf5 Nxh5 50. b4 Ng3 51. b5 axb5 52. Rxb5 h5 53.
f6 g6 54. a4 Nf5 55. Rb3 Rc8 56. a5 Rc1+ 57. Rb1 Rc5 58. Rb8+ Kh7 59. Kb2 Ne3
0-1

[Event "PRVA LIGA  CENTRALNE SRBIJE"]
[Site "Vrnjacka Banja"]
[Date "2012.09.30"]
[Round "2.2"]
[White "Marinkovic, Ivan"]
[Black "Colovic, Dusan"]
[Result "1/2-1/2"]
[WhiteElo "2443"]
[BlackElo "2383"]
[PlyCount "106"]
[EventDate "2012.09.29"]

1. e4 d6 2. g3 Nf6 3. Bg2 e5 4. Ne2 Be7 5. d4 Nbd7 6. O-O c6 7. c4 b6 8. Nec3
Bb7 9. Be3 h5 10. h3 a6 11. Nd2 b5 12. d5 cxd5 13. cxd5 Rc8 14. Qe2 O-O 15.
Rfc1 Nb6 16. a4 bxa4 17. Qd1 h4 18. Nxa4 Nxa4 19. Rxa4 hxg3 20. fxg3 Nd7 21.
Rb4 Rxc1 22. Qxc1 Bc8 23. Qc6 Bg5 24. Nf1 Be7 25. h4 Qa5 26. Qa4 Qd8 27. Qc6
Qa5 28. Rc4 Nf6 29. Qc7 Qa2 30. Rb4 Bd7 31. Bg5 Rd8 32. Bxf6 Bxf6 33. Rb8 Rxb8
34. Qxb8+ Kh7 35. Qxd6 Bb5 36. b4 Qb1 37. Qc5 Bxf1 38. Bxf1 Qxe4 39. Bxa6 Qe1+
40. Kg2 Qe4+ 41. Kh2 Qf3 42. d6 e4 43. d7 e3 44. Bd3+ g6 45. Qc2 Qd5 46. Qd1
Kg7 47. Be2 Qd2 48. b5 Bd8 49. Kg2 Kf8 50. Kf3 Ke7 51. Qb3 Bb6 52. Qd3 Qxd3 53.
Bxd3 Kxd7 1/2-1/2

[Event "PRVA LIGA  CENTRALNE SRBIJE"]
[Site "Vrnjacka Banja"]
[Date "2012.09.30"]
[Round "2.2"]
[White "Civric, Zdravko"]
[Black "Arsovic, Goran"]
[Result "0-1"]
[WhiteElo "2215"]
[BlackElo "2435"]
[PlyCount "78"]
[EventDate "2012.09.29"]

1. e4 c5 2. Nf3 d6 3. c3 Nf6 4. h3 g6 5. Bd3 Bg7 6. O-O O-O 7. Bc2 Nc6 8. Re1
e5 9. d3 b6 10. Nbd2 Bb7 11. Nf1 h6 12. Ne3 Kh7 13. Ba4 Qc7 14. Nh2 Ne7 15. c4
Nh5 16. Nd5 Nxd5 17. cxd5 a6 18. Qd2 f5 19. Bd1 Nf6 20. b3 Rae8 21. Bb2 Bc8 22.
Rc1 f4 23. b4 Bd7 24. bxc5 bxc5 25. Bc3 h5 26. Ba5 Qa7 27. Rb1 Rb8 28. Bc2 g5
29. Kf1 g4 30. Rxb8 Rxb8 31. hxg4 hxg4 32. Bc3 Bh6 33. Rb1 Rxb1+ 34. Bxb1 g3
35. Nf3 Ng4 36. Qb2 gxf2 37. Bc2 Bb5 38. Qa3 Ne3+ 39. Kxf2 Nxc2 0-1

[Event "PRVA LIGA  CENTRALNE SRBIJE"]
[Site "Vrnjacka Banja"]
[Date "2012.09.30"]
[Round "2.2"]
[White "Simonovic, Aleksandar"]
[Black "Knezevic, Veljko"]
[Result "1-0"]
[WhiteElo "2379"]
[BlackElo "1915"]
[PlyCount "67"]
[EventDate "2012.09.29"]

1. d4 Nf6 2. c4 g6 3. Nc3 d5 4. Nf3 Bg7 5. Bg5 Ne4 6. cxd5 Nxc3 7. bxc3 Qxd5 8.
Qd2 h6 9. Bf4 c5 10. Rc1 Nc6 11. e3 Bf5 12. Be2 O-O 13. c4 Qe4 14. d5 Nb4 15.
O-O Nd3 16. Ng5 hxg5 17. f3 Nxc1 18. fxe4 Nxe2+ 19. Qxe2 gxf4 20. exf5 fxe3 21.
g3 Rad8 22. Kg2 Bh6 23. Qg4 Kh7 24. Qh4 f6 25. Qe4 Rfe8 26. h4 Rd6 27. fxg6+
Kg7 28. g4 Rb6 29. Kh3 a5 30. g5 fxg5 31. h5 g4+ 32. Kxg4 Rf6 33. Rxf6 Kxf6 34.
Qe6+ 1-0

[Event "PRVA LIGA  CENTRALNE SRBIJE"]
[Site "Vrnjacka Banja"]
[Date "2012.09.30"]
[Round "2.2"]
[White "Minic, Miroslav"]
[Black "Vucicevic, Moma"]
[Result "1/2-1/2"]
[WhiteElo "2058"]
[BlackElo "2313"]
[PlyCount "40"]
[EventDate "2012.09.29"]

1. e4 e5 2. Nc3 Nf6 3. f4 d5 4. fxe5 Nxe4 5. d3 Nxc3 6. bxc3 c5 7. Nf3 Nc6 8.
Be2 Be7 9. O-O O-O 10. d4 c4 11. Bf4 Bf5 12. Qd2 b5 13. a4 b4 14. cxb4 Nxb4 15.
Ne1 Qd7 16. c3 Nc6 17. Nc2 Be6 18. Ne3 f6 19. exf6 Rxf6 20. Bg3 Rxf1+ 1/2-1/2

[Event "PRVA LIGA  CENTRALNE SRBIJE"]
[Site "Vrnjacka Banja"]
[Date "2012.09.30"]
[Round "2.3"]
[White "Radovanovic, Dusan"]
[Black "Jesic, Dusan"]
[Result "1/2-1/2"]
[WhiteElo "2359"]
[BlackElo "2361"]
[PlyCount "189"]
[EventDate "2012.09.29"]

1. e4 c5 2. Nf3 Nc6 3. d4 cxd4 4. Nxd4 Qb6 5. Nb3 Nf6 6. Nc3 e6 7. Be3 Qc7 8.
f4 Bb4 9. Bd3 d5 10. e5 Nd7 11. a3 Bxc3+ 12. bxc3 Na5 13. O-O Nc4 14. Bd4 Nb2
15. Qg4 O-O 16. f5 Nxe5 17. Bxe5 Qxe5 18. f6 Qe3+ 19. Kh1 Qh6 20. Qd4 Nxd3 21.
cxd3 Re8 22. Rae1 Bd7 23. Qe5 Rac8 24. Re3 g5 25. Rg3 Kh8 26. Rxg5 Rg8 27.
Rxg8+ Rxg8 28. Rf3 b6 29. Rh3 Qg5 30. Qxg5 Rxg5 31. Rf3 e5 32. d4 h5 33. h4 Rg4
34. dxe5 Rxh4+ 35. Kg1 Re4 36. Nd4 Rxe5 37. Kf2 Kh7 38. Rf4 Kg6 39. g3 Bf5 40.
Nc6 Kxf6 41. Nxe5 Kxe5 42. Ke3 Be6 43. Rh4 Bg4 44. Rh2 Bd1 45. Rh1 Bg4 46. Re1
Bf5 47. Rf1 f6 48. Rf4 Bd7 49. c4 Be6 50. cxd5 Bxd5 51. Rh4 Bf7 52. Re4+ Kd6
53. Kd4 Be6 54. Re1 Bd7 55. Rf1 Ke7 56. Rh1 Be8 57. Re1+ Kd7 58. Ke4 Bg6+ 59.
Kf4 a5 60. Rc1 Kd6 61. Rc8 b5 62. Ra8 a4 63. Rg8 Bf7 64. Rf8 Ke7 65. Rb8 Bc4
66. Rb7+ Ke6 67. Rb6+ Ke7 68. Rc6 Kf7 69. Rd6 Kg6 70. Rd4 Bb3 71. Ke3 Kg5 72.
Rf4 Be6 73. Kd4 Bg4 74. Rf2 Be6 75. Kc5 Bc4 76. Rf4 Be2 77. Kd6 Bg4 78. Rf2 Bd1
79. Rd2 Bf3 80. Rd4 f5 81. Ke5 Be4 82. Rd8 Kg4 83. Rg8+ Kf3 84. Rg5 b4 85. axb4
a3 86. Rg7 a2 87. Ra7 Kxg3 88. Ra3+ Kg4 89. Rxa2 h4 90. b5 h3 91. b6 Kg3 92.
Ra3+ Kg4 93. Rxh3 Kxh3 94. b7 Bxb7 95. Kxf5 1/2-1/2

[Event "PRVA LIGA  CENTRALNE SRBIJE"]
[Site "Vrnjacka Banja"]
[Date "2012.09.30"]
[Round "2.3"]
[White "Radovanovic, Jovica"]
[Black "Zivkovic, Ivan B"]
[Result "1-0"]
[WhiteElo "2341"]
[BlackElo "2351"]
[PlyCount "79"]
[EventDate "2012.09.29"]

1. Nf3 d5 2. d4 Nf6 3. c4 c6 4. Nc3 dxc4 5. a4 Bf5 6. e3 e6 7. Bxc4 Bb4 8. O-O
O-O 9. Qe2 Nbd7 10. e4 Bg6 11. Bd3 Re8 12. e5 Nd5 13. Bxg6 fxg6 14. Ne4 h6 15.
a5 a6 16. Nfd2 b5 17. axb6 Qxb6 18. Qg4 Nf8 19. Nc4 Qc7 20. Ned6 Reb8 21. Qe2
a5 22. Be3 g5 23. Rfc1 Ng6 24. g3 Nge7 25. Bd2 Nc8 26. Bxb4 axb4 27. Ne4 Nce7
28. Nc5 Nf5 29. Qe4 Rxa1 30. Rxa1 Qe7 31. Ra6 Rd8 32. Na5 Qe8 33. Nxc6 Ra8 34.
Nxb4 Rxa6 35. Ncxa6 Qa4 36. Nxd5 Qxa6 37. Ne3 Qb6 38. d5 Qxb2 39. dxe6 Ne7 40.
Nd5 1-0

[Event "PRVA LIGA  CENTRALNE SRBIJE"]
[Site "Vrnjacka Banja"]
[Date "2012.09.30"]
[Round "2.3"]
[White "Misojcic, Miroslav"]
[Black "Vuckovic, Branko"]
[Result "1/2-1/2"]
[WhiteElo "2253"]
[BlackElo "2258"]
[PlyCount "94"]
[EventDate "2012.09.29"]

1. d4 d5 2. c4 c6 3. Nf3 Nf6 4. Nc3 a6 5. a4 Bf5 6. Qb3 Ra7 7. Bg5 e6 8. Bxf6
gxf6 9. g3 Be4 10. Bg2 dxc4 11. Qxc4 b5 12. Qb3 Bxf3 13. Bxf3 Qxd4 14. O-O Be7
15. axb5 cxb5 16. Nxb5 axb5 17. Qxb5+ Nd7 18. Rxa7 Qxa7 19. Rd1 O-O 20. Rxd7
Qc5 21. Qxc5 Bxc5 22. Rb7 Bd6 23. Bh5 f5 24. b4 e5 25. b5 f6 26. Rd7 Bc5 27.
Kg2 Rb8 28. Bf7+ Kf8 29. Bc4 Be7 30. Rc7 Rb6 31. f3 Ke8 32. Rc8+ Bd8 33. Ra8 h6
34. Kh3 Ke7 35. Ra7+ Kd6 36. Kh4 Kc5 37. Bd3 e4 38. fxe4 fxe4 39. Bc2 f5+ 40.
Kh5 Kxb5 41. Rf7 Kc4 42. Rxf5 Kd4 43. Rf4 Re6 44. h4 Ke3 45. Rxe4+ Rxe4 46.
Bxe4 Kxe2 47. Kxh6 Kf2 1/2-1/2

[Event "PRVA LIGA  CENTRALNE SRBIJE"]
[Site "Vrnjacka Banja"]
[Date "2012.09.30"]
[Round "2.3"]
[White "Pajic, Milomir"]
[Black "Urosevic, Zoran"]
[Result "1/2-1/2"]
[WhiteElo "2177"]
[BlackElo "2255"]
[PlyCount "77"]
[EventDate "2012.09.29"]

1. c4 Nf6 2. Nc3 c5 3. g3 g6 4. Bg2 Bg7 5. Nf3 Nc6 6. O-O O-O 7. d4 d6 8. d5
Na5 9. Nd2 Nd7 10. Qc2 a6 11. Rb1 Rb8 12. a4 Qc7 13. h3 Nf6 14. b3 Bd7 15. Ba3
Rfc8 16. Rfc1 b6 17. e4 Ne8 18. Ne2 b5 19. axb5 axb5 20. Bf1 b4 21. Bb2 Nb7 22.
Bxg7 Nxg7 23. Qb2 Ra8 24. Ra1 Qd8 25. f4 Rxa1 26. Rxa1 Ra8 27. Kf2 Ra5 28. Nc1
Qa8 29. Rxa5 Qxa5 30. Qa2 Qxa2 31. Nxa2 h5 32. Nc1 Ne8 33. Kf3 Kg7 34. Nd3 Nf6
35. Nf2 Nh7 36. Bd3 Nf8 37. g4 hxg4+ 38. hxg4 g5 39. f5 1/2-1/2

[Event "PRVA LIGA  CENTRALNE SRBIJE"]
[Site "Vrnjacka Banja"]
[Date "2012.09.30"]
[Round "2.4"]
[White "Ilic, Zoran S"]
[Black "Zivkovic, Sava"]
[Result "1/2-1/2"]
[WhiteElo "2311"]
[BlackElo "2351"]
[PlyCount "26"]
[EventDate "2012.09.29"]

1. d4 Nf6 2. Nf3 g6 3. c4 Bg7 4. g3 O-O 5. Bg2 d5 6. cxd5 Nxd5 7. O-O c5 8.
dxc5 Na6 9. Ng5 Ndb4 10. Nc3 h6 11. Nf3 Nxc5 12. Be3 Ne6 13. a3 Qxd1 1/2-1/2

[Event "PRVA LIGA  CENTRALNE SRBIJE"]
[Site "Vrnjacka Banja"]
[Date "2012.09.30"]
[Round "2.4"]
[White "Begus, Drasko"]
[Black "Djokic, Vladan"]
[Result "1-0"]
[WhiteElo "2314"]
[BlackElo "2334"]
[PlyCount "167"]
[EventDate "2012.09.29"]

1. d4 Nf6 2. g3 d5 3. Bg2 c6 4. Nf3 Bf5 5. O-O Qc8 6. c4 Bh3 7. cxd5 Bxg2 8.
Kxg2 cxd5 9. Nc3 a6 10. Bf4 b5 11. Rc1 Qb7 12. Na4 Nc6 13. Ne5 Nxe5 14. Nc5 Qc6
15. dxe5 Nh5 16. Nd3 Qb6 17. Be3 d4 18. Bd2 g6 19. Qb3 Qb7+ 20. f3 Ng7 21. Nf4
e6 22. Rc2 Rc8 23. Rxc8+ Qxc8 24. Rc1 Qd7 25. Ba5 Be7 26. Rc7 Qd8 27. a4 O-O
28. axb5 axb5 29. Qxb5 Nf5 30. Rb7 Qc8 31. Bd2 Qc2 32. Qd3 Qc6 33. Qb3 Bd8 34.
Rb8 Bc7 35. Rxf8+ Kxf8 36. Nd3 h6 37. Kf2 Kg7 38. g4 Ne7 39. Qd1 Qb5 40. Bxh6+
Kh7 41. Bg5 Nd5 42. Qf1 Kg8 43. Qc1 Qb8 44. Bf4 Bd8 45. Kg2 Be7 46. Bd2 Qb5 47.
Qc2 Kh7 48. b3 Qa6 49. b4 Bxb4 50. Bg5 Bf8 51. Kf2 Nc3 52. h4 Qa1 53. Bc1 Qa7
54. h5 Bg7 55. hxg6+ fxg6 56. Bd2 Bxe5 57. Qb3 Qc7 58. Qxe6 Bh2 59. f4 Qb7 60.
Bxc3 dxc3 61. Ne5 Qg7 62. e3 g5 63. Qf5+ Kg8 64. Qc8+ Kh7 65. Nf3 gxf4 66. Nxh2
fxe3+ 67. Ke2 Qg6 68. Qxc3 Qh6 69. Nf3 Qh1 70. Kxe3 Qh6+ 71. Kf2 Qb6+ 72. Kg3
Qd6+ 73. Qe5 Qa3 74. Qf6 Qb3 75. Kh4 Qb7 76. Ng5+ Kg8 77. Qg6+ Kh8 78. Qe8+ Kg7
79. Qe5+ Kg8 80. Ne6 Qh1+ 81. Kg5 Qc1+ 82. Qf4 Qa3 83. Kf6 Qb2+ 84. Kg6 1-0

[Event "PRVA LIGA  CENTRALNE SRBIJE"]
[Site "Vrnjacka Banja"]
[Date "2012.09.30"]
[Round "2.4"]
[White "Djukic, Stevan"]
[Black "Ignjatovic, Predrag"]
[Result "0-1"]
[WhiteElo "2256"]
[BlackElo "2294"]
[PlyCount "60"]
[EventDate "2012.09.29"]

1. d4 Nf6 2. c4 e6 3. Nc3 d5 4. Nf3 dxc4 5. e3 a6 6. a4 Nbd7 7. Bxc4 c5 8. e4
cxd4 9. Nxd4 Bc5 10. Nb3 Ba7 11. Bf4 e5 12. Bg5 h6 13. Bh4 Qb6 14. a5 Qb4 15.
Ra4 Qf8 16. Nd5 Nxd5 17. Qxd5 g5 18. Bg3 Qe7 19. Bxa6 O-O 20. Bxb7 Nf6 21. Qxe5
Bxf2+ 22. Kf1 Qxb7 23. Qxf6 Bxg3 24. hxg3 Ra6 25. Qc3 Qb5+ 26. Qc4 Bd7 27. Ke1
Qxa4 28. Qxa6 Qxe4+ 29. Kf2 Re8 30. Qb6 Bc6 0-1

[Event "PRVA LIGA  CENTRALNE SRBIJE"]
[Site "Vrnjacka Banja"]
[Date "2012.09.30"]
[Round "2.4"]
[White "Ljubinkovic, Miodrag"]
[Black "Stankovic, Dejan"]
[Result "0-1"]
[WhiteElo "2276"]
[BlackElo "2267"]
[PlyCount "56"]
[EventDate "2012.09.29"]

1. d4 d5 2. Nf3 Nf6 3. c3 c6 4. Bf4 Qb6 5. Qb3 Bf5 6. Nbd2 Nbd7 7. e3 Nh5 8.
Bg3 h6 9. Be2 Nxg3 10. hxg3 e6 11. Qxb6 axb6 12. Ne5 Nxe5 13. dxe5 Be7 14. a3
b5 15. Rc1 f6 16. g4 Bh7 17. exf6 Bxf6 18. Bd1 b4 19. axb4 Ra2 20. O-O Rxb2 21.
Nf3 Bd3 22. Ne1 Bxf1 23. Kxf1 O-O 24. Nd3 Ra2 25. Nc5 Bh4 26. f3 Rf2+ 27. Kg1
Ra8 28. f4 Rfa2 0-1

[Event "PRVA LIGA  CENTRALNE SRBIJE"]
[Site "Vrnjacka Banja"]
[Date "2012.09.30"]
[Round "2.5"]
[White "Nestorovic, Dejan"]
[Black "Ivanovic, Dragutin"]
[Result "1/2-1/2"]
[WhiteElo "2438"]
[BlackElo "2371"]
[PlyCount "50"]
[EventDate "2012.09.29"]

1. d4 d5 2. c4 e6 3. Nc3 Be7 4. Nf3 Nf6 5. Bg5 h6 6. Bh4 O-O 7. e3 b6 8. Bxf6
Bxf6 9. Qb3 Bb7 10. cxd5 exd5 11. Rd1 c6 12. Bd3 Nd7 13. O-O Be7 14. Bb1 Bd6
15. e4 dxe4 16. Nxe4 Nf6 17. Rfe1 Nxe4 18. Bxe4 Qc7 19. Ne5 Bxe5 20. dxe5 Rad8
21. e6 Rxd1 22. Rxd1 Rd8 23. Rxd8+ Qxd8 24. Bg6 fxe6 25. Qxe6+ Kh8 1/2-1/2

[Event "PRVA LIGA  CENTRALNE SRBIJE"]
[Site "Vrnjacka Banja"]
[Date "2012.09.30"]
[Round "2.5"]
[White "Organdziev, Oliver"]
[Black "Sandic, Vladeta"]
[Result "1/2-1/2"]
[WhiteElo "2311"]
[BlackElo "2338"]
[PlyCount "37"]
[EventDate "2012.09.29"]

1. e4 d5 2. e5 c5 3. c3 Nc6 4. f4 h5 5. Nf3 Bg4 6. h3 Bxf3 7. Qxf3 e6 8. Bd3 g6
9. a3 a5 10. a4 h4 11. Na3 Nh6 12. Nb5 Nf5 13. Bxf5 gxf5 14. d3 Be7 15. Be3 Kd7
16. Bf2 Qg8 17. O-O-O Rh6 18. Rdg1 Rg6 19. g3 1/2-1/2

[Event "PRVA LIGA  CENTRALNE SRBIJE"]
[Site "Vrnjacka Banja"]
[Date "2012.09.30"]
[Round "2.5"]
[White "Dudukovic, Nikola"]
[Black "Nikolic, Dragovan"]
[Result "1/2-1/2"]
[WhiteElo "2283"]
[BlackElo "2239"]
[PlyCount "50"]
[EventDate "2012.09.29"]

1. e4 c5 2. Nf3 d6 3. d4 cxd4 4. Nxd4 Nf6 5. Nc3 g6 6. f3 Bg7 7. Be3 O-O 8. Qd2
Nc6 9. Bc4 Bd7 10. O-O-O Ne5 11. Bb3 Rc8 12. h4 h5 13. g4 hxg4 14. h5 Nxh5 15.
Rdg1 Qa5 16. Bh6 Rxc3 17. bxc3 Bxh6 18. Qxh6 Qxc3 19. Kb1 Qxd4 20. fxg4 Bxg4
21. Rxg4 Nxg4 22. Qxg6+ Qg7 23. Qxh5 Nf2 24. Rh4 Qg1+ 25. Kb2 Nd1+ 1/2-1/2

[Event "PRVA LIGA  CENTRALNE SRBIJE"]
[Site "Vrnjacka Banja"]
[Date "2012.09.30"]
[Round "2"]
[White "Atalik, Suat"]
[Black "Stojanovic, Mihajlo"]
[Result "1-0"]
[WhiteElo "2603"]
[BlackElo "2572"]
[PlyCount "100"]
[EventDate "2012.??.??"]

1. d4 d5 2. c4 e6 3. Nc3 Nf6 4. Bg5 Nbd7 5. e3 c6 6. a3 Be7 7. Qc2 h6 8. Bf4
Nh5 9. cxd5 exd5 10. Nxd5 Qa5+ 11. Nc3 Nxf4 12. exf4 Nb6 13. Bd3 Nd5 14. Qd2
O-O 15. Nge2 Bg4 16. O-O Bxe2 17. Bxe2 Rad8 18. Bf3 Nxc3 19. bxc3 Bf6 20. Qd3
c5 21. Qf5 Qxc3 22. Be4 Rfe8 23. Qh7+ Kf8 24. Rae1 g6 25. dxc5 Qxc5 26. Qxh6+
Bg7 27. Qh3 Re7 28. Qf3 b6 29. Rc1 Qh5 30. g4 Qh4 31. Bb1 Bd4 32. Rcd1 Red7 33.
Kg2 Bc5 34. Rxd7 Rxd7 35. f5 gxf5 36. Bxf5 Rd2 37. a4 Qf6 38. h3 Qd4 39. Be6 f6
40. Bf5 Qxa4 41. h4 Qd4 42. h5 Kg7 43. h6+ Kh8 44. Kh3 Qd5 45. Qxd5 Rxd5 46.
Kh4 a5 47. Kh5 a4 48. Re1 Rd8 49. f4 a3 50. Bb1 Bd6 1-0

[Event "PRVA LIGA  CENTRALNE SRBIJE"]
[Site "Vrnjacka Banja"]
[Date "2012.09.30"]
[Round "2"]
[White "Jevtic, Sasa"]
[Black "Tadic, Branko"]
[Result "0-1"]
[WhiteElo "2288"]
[BlackElo "2525"]
[PlyCount "66"]
[EventDate "2012.??.??"]

1. c4 c5 2. g3 Nf6 3. Bg2 e6 4. Nf3 Nc6 5. O-O d5 6. cxd5 exd5 7. d4 Be7 8.
dxc5 O-O 9. Nc3 d4 10. Na4 Bf5 11. Ne1 Qd7 12. Nd3 Rad8 13. a3 Ne4 14. h4 h6
15. Bd2 Rfe8 16. b4 Bf6 17. Rc1 Ne7 18. c6 Nxc6 19. Nac5 Qe7 20. b5 Nb8 21. Bb4
Nc3 22. Rxc3 dxc3 23. Nxb7 Qxe2 24. Qxe2 Rxe2 25. Nf4 Rdd2 26. Nxe2 Rxe2 27.
Bf3 Rb2 28. Rc1 c2 29. Nc5 Rb1 30. Bd2 Bb2 31. Nb3 Bxa3 32. Bd5 Bxc1 33. Nxc1
Rxb5 0-1

[Event "PRVA LIGA  CENTRALNE SRBIJE"]
[Site "Vrnjacka Banja"]
[Date "2012.09.30"]
[Round "2"]
[White "Nestorovic, Nikola"]
[Black "Cvetanovic, Uros"]
[Result "1/2-1/2"]
[WhiteElo "2430"]
[BlackElo "2229"]
[PlyCount "85"]
[EventDate "2012.??.??"]

1. e4 c5 2. Nf3 d6 3. d4 cxd4 4. Nxd4 Nf6 5. Nc3 g6 6. Be3 Bg7 7. f3 Nc6 8. Qd2
O-O 9. g4 Qa5 10. h4 Nxd4 11. Bxd4 e5 12. Be3 Rd8 13. h5 Be6 14. hxg6 fxg6 15.
Bh3 Bf7 16. g5 Nh5 17. Bg4 Nf4 18. Bxf4 exf4 19. Nd5 Qxd2+ 20. Kxd2 Bxd5 21.
exd5 Bd4 22. Kd3 Be3 23. a4 Kg7 24. a5 Rab8 25. Ra3 Re8 26. Be6 Re7 27. Rc3 Rd8
28. Rh6 Rf8 29. Rc4 Rd8 30. c3 Rf8 31. b4 Rd8 32. Rh1 Rh8 33. Rh6 Rd8 34. Rh1
Rh8 35. a6 b6 36. Rc6 Rd8 37. Rh2 Bg1 38. Rh1 Be3 39. Kc4 Bf2 40. Kb5 Be3 41.
Rh4 Bd2 42. Rh2 Be3 43. Rh4 1/2-1/2

[Event "PRVA LIGA  CENTRALNE SRBIJE"]
[Site "Vrnjacka Banja"]
[Date "2012.09.30"]
[Round "2"]
[White "Mladenovic, Stefan"]
[Black "Todorovic, Jovan"]
[Result "1/2-1/2"]
[WhiteElo "2264"]
[BlackElo "2427"]
[PlyCount "73"]
[EventDate "2012.??.??"]

1. d4 Nf6 2. Nf3 g6 3. Bf4 Bg7 4. e3 O-O 5. Be2 d6 6. h3 b6 7. O-O Bb7 8. Nbd2
Nbd7 9. a4 a6 10. c3 Qe8 11. Nc4 Ne4 12. Re1 e5 13. Bh2 Kh8 14. Qb3 f5 15. Rad1
g5 16. Na5 Ndc5 17. dxc5 Nxc5 18. Qc4 bxa5 19. Nxg5 Qg6 20. f4 Rae8 21. Bf1 Re7
22. h4 h6 23. fxe5 Bxe5 24. Bxe5+ Rxe5 25. Nh3 Re4 26. Qe2 Qg3 27. Nf4 Kh7 28.
b4 axb4 29. cxb4 Rxb4 30. Qh5 Rb2 31. Rc1 Ne6 32. Re2 Rxe2 33. Qxe2 Nc5 34. Nd3
Ne6 35. Nf4 Nc5 36. Nd3 Ne6 37. Nf4 1/2-1/2

[Event "PRVA LIGA  CENTRALNE SRBIJE"]
[Site "Vrnjacka Banja"]
[Date "2012.09.30"]
[Round "2"]
[White "Lapcevic, Milos"]
[Black "Zajic, Milan"]
[Result "1/2-1/2"]
[WhiteElo "2396"]
[BlackElo "2212"]
[PlyCount "88"]
[EventDate "2012.??.??"]

1. d4 d5 2. c4 c6 3. Nf3 Nf6 4. Nc3 dxc4 5. a4 Bf5 6. Ne5 Nbd7 7. Nxc4 Nb6 8.
Ne5 a5 9. e3 g6 10. Bd3 Bxd3 11. Nxd3 Bg7 12. O-O O-O 13. Qb3 Nfd7 14. f4 Qc7
15. Ne4 Nc8 16. Bd2 Nd6 17. Ng3 c5 18. Rac1 b6 19. Ne5 Qb7 20. Bc3 cxd4 21.
Bxd4 Rfc8 22. Rcd1 Nc5 23. Qa2 Bf6 24. f5 Kg7 25. Ng4 Bxd4 26. Rxd4 Nxf5 27.
Nxf5+ gxf5 28. Rxf5 Ne6 29. Rdd5 Rc1+ 30. Kf2 Rc2+ 31. Kg3 Rg8 32. Qb3 Qc7+ 33.
Kh3 Rc5 34. Rxc5 bxc5 35. Ne5 Qc8 36. g4 Rf8 37. Qc3 f6 38. Nd3 Qc6 39. Nxc5
Rc8 40. Nxe6+ Qxe6 41. Qd3 Rb8 42. Rh5 h6 43. Rb5 Rd8 44. Qxd8 Qxe3+ 1/2-1/2